000 00835nam a22002297a 4500
003 OSt
005 20150408114206.0
008 140129s 2013jo ||||g b 00| 0 ara d
020 _a9789957065430
040 _ama-un
082 _221
_a339
_bو م إ
100 _aالوادي، محمود حسن.
245 _aالإقتصاد الكلي /
_cمحمود حسين الوادي، أحمد عارف العساف، وليد أحمد صافي.
250 _aط. 3.
260 _aعمان، الأردن :
_bدار المسيرة،
_c2013
300 _a318 ص. :
_bإيض. ؛
_c24 سم.
504 _aيشتمل علي إرجاعات ببليوجرافية.
650 _aالإقتصاد الكلي.
_915089
700 _aالعساف، أحمد عارف
_99700
700 _aصافي، وليد أحمد
_942635
942 _2ddc
_cBOOK
999 _c33428
_d267928